| 000 | 00792nam a2200229Ii 4500 | ||
|---|---|---|---|
| 003 | JO-AjNU | ||
| 008 | 230605s9999||||xx |||||||||||||| ||und|| | ||
| 017 | _a2009/4/1464 | ||
| 020 | _a978-9957-07-657-3 | ||
| 040 |
_aJO-AjNU _bara _erda _cJO-AjNU |
||
| 041 | _aara | ||
| 050 | 1 | 4 | _aBF721.M83.2010 |
| 100 | 3 |
_aمحمد،عايدة ذيب عبد الله, _eauthor _942881 |
|
| 245 | 0 | 0 | _aالإنتماء وتقدير الذات في مرحلة الطفولة |
| 250 | _aط1 | ||
| 264 | 3 | 1 | _aعمان:دار الفكر ناشرون وموزعون ، 2010 |
| 300 | _a155ص | ||
| 336 |
_atext _btxt _2rdacontent |
||
| 337 |
_aunmediated _bn _2rdamedia |
||
| 338 |
_avolume _bnc _2rdacarrier |
||
| 650 | 4 |
_aسيكولوجية الطفولة-رعاية الاطفال-الاطفال _942882 |
|
| 999 |
_aA18394 _c21962 _d21962 |
||